Statistics for Casualty Cast S21-

Click here to take the quiz!

General Stats

  • This quiz has been taken 10 times
  • The average score is 38 of 57

Answer Stats

HintAnswer% Correct
Derek ThompsomCharlie Fairhead
100%
Amanda MealingConnie Beauchamp
100%
Cathy ShiptonLisa Duffin
100%
Chelsea HalfpennyAlicia Munroe
86%
William BeckDylan Keogh
86%
George RainsfordEthan Hardy
86%
Michael StevensonIain Dean
86%
Charles VennJacob Masters
86%
Di BotcherJan Jenning
86%
Ian BleasdaleJosh Griffiths
86%
Crystal YuLily Chao
86%
Nigel HarmanMax Cristie
86%
Neet MohanRash Masum
86%
Amanda HendersonRobyn Miller
86%
Maddy HillRuby Spark
86%
Charlotte SaltSam Nicholls
86%
Elinor LawlessStevie Nash
86%
Sunetra SarkerZoe Hanna
86%
Tristan GemmillAdam Trueman
71%
Alex WalkinshawAdrian 'Fletch' Fletcher
71%
Jaye GriffithsElle Gardner
71%
Kirsty MitchellFaith Cadogan
71%
Olivia D'LimaFenisha Khatri
71%
Simon MacCorkindaleHarry Harper
71%
Daniel AnthonyJamie Collier
71%
Ben TurnerJay Faldren
71%
Matt BardockJeff Collier
71%
Steven MillerLenny Lyons
71%
Susan CooksonMaggie Coldwell
71%
Michael FrenchNick Jordan
71%
Chloe HowmanRita Freeman
71%
Arin SmethurstSah Brockner
71%
Tom ChambersSam Strachan
71%
Suzanne PackerTess Bateman
71%
Oliver ColemanTom Kent
71%
Michelle FoxBea Kinsella
57%
Abdul SalisCurtis Cooper
57%
Emily CareyGrace Beauchamp-Strachan
57%
Gillian KearneyJessica Harrison
57%
Jane HazlegroveKathleen 'Dixie' Dixon
57%
Uriel EmilLev Malinovsky
57%
Osi OkeraforMatthew Afolami
57%
Clive MantleMike Barrett
57%
Shalisha James-DavisPaige Allcott
57%
Gemma AtkinsonTamzin Bayle
57%
Jack NolanWill Noble
57%
Richard WinsorCaleb 'Cal' Knight
43%
James RedmondJohn 'Abs' Denham
43%
Charles DaleMackenzie 'Big Mac' Chalker
43%
Paul PopplewellPaul Pegg
43%
Sam GreyAlice Chartney
29%
Joanne KingCynthia 'Cyd' Pyke
29%
Elyes GabelGuppreet 'Guppy' Sandhu
29%
Gabriella LeonJade Lovall
29%
Lloyd EverittJeremy 'Jez' Andrews
29%
Adam SinaMarcus Fidel
29%
Milo ClarkeTheodore 'Teddy' Gowan
29%

Score Distribution

Percentile by Number Answered

Percent of People with Each Score

Your Score History

You have not taken this quiz